Massachusetts Congressional Districts Quiz Stats

Quiz not verified by Sporcle

Challenge
Share
Tweet
Embed
Score 0/10 Timer 03:00
0 Plays Today
District Number city % Correct
9thBoston
96.7%
2ndSpringfield
86.9%
3rdWorcester
83.6%
10thQuincy
77%
5thLowell
75.4%
4thNewton
72.1%
6thLynn
70.5%
1stPittsfield
60.7%
8thCambridge
54.1%
7thMedford
50.8%

You're not logged in!

Compare scores with friends on all Sporcle quizzes.
Sign Up with Email
OR
Log In

You Might Also Like...

Show Comments

Extras

Top Quizzes Today


Score Distribution

Your Account Isn't Verified!

In order to create a playlist on Sporcle, you need to verify the email address you used during registration. Go to your Sporcle Settings to finish the process.